Nitrous oxide/N₂O /

Bibliographic Details
Other Authors: Eger, Edmond I., II, 1930-
Format: Book
Language:English
Published: New York : Elsevier, [1985]
Subjects:

MARC

Tag First Indicator Second Indicator Subfields
LEADER 00000pam a2200000 a 4500
001 in00000764113
005 20151017051610.0
008 840330s1985 nyua b 00100 eng d
010 |a  84006146  
020 |a 0444008608 
035 |a (OCoLC)10726873 
035 |9 ADK6936AM 
039 0 |a 2  |b 3  |c 3  |d 3  |e 3 
040 |a DNLM/DLC  |c DLC  |d TXA  |d UtOrBLW 
049 |a TXAM  |c [A09335506] 
050 0 0 |a RD86.N7  |b N58 1985 
060 0 |a QV 81 N731 
082 0 |a 615/.781  |2 19 
245 0 0 |a Nitrous oxide/N₂O /  |c edited by Edmond I. Eger II. 
264 1 |a New York :  |b Elsevier,  |c [1985] 
264 4 |c ©1985 
300 |a xviii, 369 pages :  |b illustrations ;  |c 24 cm. 
336 |a text  |b txt  |2 rdacontent 
337 |a unmediated  |b n  |2 rdamedia 
338 |a volume  |b nc  |2 rdacarrier 
504 |a Includes bibliographical references and index. 
650 0 |a Nitrous oxide  |x Physiological effect. 
650 2 |a Nitrous Oxide. 
700 1 |a Eger, Edmond I.,  |c II,  |d 1930- 
999 |a MARS 
999 f f |s 9383324f-12d9-32ad-b89d-01fb61dddae2  |i 54cdb5a7-6865-3c82-b176-71fecad93718  |t 0 
952 f f |p ric  |a Texas A&M University  |b Rellis Campus  |c Joint Library Facility  |d Remote Storage  |t 0  |e RD86.N7 N58 1985  |h Library of Congress classification  |i unmediated -- volume  |m A14809335506 
998 f f |a RD86.N7 N58 1985  |t 0  |l Remote Storage